| 000 | 00752nam a2200265Ia 4500 | ||
|---|---|---|---|
| 003 | OSt | ||
| 005 | 20221005085940.0 | ||
| 006 | a|||||r|||| 00| 0 | ||
| 007 | ta | ||
| 008 | 221004b |||||||| |||| 00| 0 eng d | ||
| 024 | _a26237 | ||
| 037 | _cTextual | ||
| 040 |
_aCRL _cCRL _beng |
||
| 041 |
_2eng _aeng |
||
| 082 | _aO111,1x, F1 | ||
| 100 |
_aBuntington Archer M _9614724 |
||
| 245 | 0 | _aPoem of the cid Vol II. Tr by Archer M Buntington | |
| 260 |
_aNew York _bHispanic Society of America _c1921 |
||
| 300 |
_a157p _ccm. |
||
| 650 | _a ENGLISH LITERATURE | ||
| 650 | _a ENGLISH POETRY | ||
| 650 |
_aPOEM- ENGLISH LITERATURE _9614725 |
||
| 942 |
_hO111,1x, F1 _cTEXL _2cc |
||
| 999 |
_c995058 _d995058 |
||